000 01654nam a2200229 4500
005 20250329165444.0
008 190415s2023 000 0 eng d
040 _aCO-CtgCURN
_bspa
_ccoctgcurn
082 0 _aINQ 2023
_bB269
100 1 _aBarraza Aviles, Deysa.
245 1 0 _aAnálisis dofa de cirugía de la ips Smedyt en la ciudad de Cartagena de Indias en el segundo periodo de 2023 /
_cDeysa Barraza Aviles; directores: Claudia Suhey Romero Escobar; Jaime Alberto Lorduy Gómez.
260 _aCartagena de Indias :
_bCorporación Universitaria Rafael Nuñez,
_c2023.
300 _a86 hojas.
504 _aTrabajo de grado (Instrumentación quirúrgica). Corporación Universitaria Rafael Nuñez. Facultad de Ciencias de la Salud. Instrumentación Quirúrgica, 2023.
520 _a" Es una herramienta de diagnóstico y análisis para la generación creativa de posibles estrategias a partir de la identificación de los factores internos y externos de la organización, dada su actual situación y contexto. Se identifican las áreas y actividades que tienen el mayor potencial para un mayor desarrollo y mejora y que permiten minimizar los impactos negativos del contexto."
650 0 _aInstrumentación quirúrgica
_vTesis y disertaciones academicas.
700 1 _aLorduy Gómez, Jaime,
_edirector.
700 1 _aRomero Escobar, Claudia Suhey,
_edirector.
856 _uhttps://unicurn.sharepoint.com/:b:/s/biblioteca/EbMffhoBHRxMmKsPkz6xb34BNya03eUg4LFqsaxLRKyGLw?e=Vm81dO
_zClick aqui para ver el recurso en texto completo
942 _2ddc
_cTG
_hINQ 2023
_iB269
999 _c4611
_d4611